| 000 | 00897nam a2200277Ia 4500 | ||
|---|---|---|---|
| 001 | Z_4595 | ||
| 003 | CHAP | ||
| 008 | 220113s2=00 xx 000 0 und d | ||
| 010 | _a167670 | ||
| 040 | _cCHAP | ||
| 090 | _aTesis D 1651 | ||
| 100 |
_aDomínguez Hernández, Luis Enrique _933822 |
||
| 245 |
_aEvaluación in vitro del epazote de zorrillo (Chenopodium graveolens Willd) en garrapatas (Boophilus microplus y otubius megnini) / _cpor Luis Enrique Domínguez Hernández y César García Hernández |
||
| 260 |
_aChapingo, Méx. : _bEl autor, _c2002 |
||
| 300 | _a60 h. | ||
| 502 | _aTesis (Ing. Agr. Esp. en Zootecnia) -- UACH. Departamento de Zootecnia | ||
| 650 | _aBoophilus microplus | ||
| 650 |
_aChenopodium graveolens _922148 |
||
| 650 |
_aGarrapatas _946932 |
||
| 901 | _aTESIS D 1651 | ||
| 902 | _aM | ||
| 910 | _a2=00 | ||
| 942 | _c2 | ||
| 942 | _c2 | ||
| 999 |
_c167670 _d167670 |
||